Normal view
MARC view
- Sanitary engineering
Entry Topical Term
001 - CONTROL NUMBER
- control field: 5781
003 - CONTROL NUMBER IDENTIFIER
- control field: NUST
005 - DATE AND TIME OF LATEST TRANSACTION
- control field: 20171031133311.0
008 - FIXED-LENGTH DATA ELEMENTS
- fixed length control field: 171031|| aca||aabn | a|a d
040 ## - CATALOGING SOURCE
- Original cataloging agency: NUST
- Transcribing agency: NUST
150 ## - HEADING--TOPICAL TERM
- Topical term or geographic name entry element: Sanitary engineering
- Geographic subdivision: Developing countries
- General subdivision: Congresses.
670 ## - SOURCE DATA FOUND
- Source citation: Work cat.: (NUST)0: WEDC Conference (19th : 1993 : Accra, Ghana) 5780, Water, sanitation, environment and development :, 1994.
